Customer Mania (Record no. 40938)
[ view plain ]
| 000 -LEADER | |
|---|---|
| fixed length control field | 00306nam a2200133Ia 4500 |
| 008 - FIXED-LENGTH DATA ELEMENTS--GENERAL INFORMATION | |
| fixed length control field | 240703s9999 xx 000 0 und d |
| 041 ## - LANGUAGE CODE | |
| Language code of text/sound track or separate title | eng |
| 100 ## - MAIN ENTRY--PERSONAL NAME | |
| Personal name | Blanchard |
| 245 ## - TITLE STATEMENT | |
| Title | Customer Mania |
| 260 ## - PUBLICATION, DISTRIBUTION, ETC. | |
| Name of publisher, distributor, etc. | Harper Collins |
| Date of publication, distribution, etc. | 2013 |
| 365 ## - TRADE PRICE | |
| Currency code | RS. |
| Price amount | 250.00 |
| 906 ## - LOCAL DATA ELEMENT F, LDF (RLIN) | |
| b | 27.5 |
| Withdrawn status | Lost status | Source of classification or shelving scheme | Damaged status | Not for loan | Home library | Current library | Shelving location | Date acquired | Source of acquisition | Cost, normal purchase price | Total Checkouts | Full call number | Barcode | Date due | Date last seen | Date last checked out | Copy number | Cost, replacement price | Price effective from | Koha item type |
|---|---|---|---|---|---|---|---|---|---|---|---|---|---|---|---|---|---|---|---|---|
| Dewey Decimal Classification | IMTN | IMTN | Rack 37-B | 07/03/2024 | Vanshika Srivastava (202385) | 250.00 | 1 | 658.812 BLA | 33347 | 10/14/2024 | 07/06/2024 | 07/06/2024 | 1 | 181.25 | 07/03/2024 | Books |